Harry Potter and The Deathly Hallows - All Chapters - Statistics

General Stats
  • This quiz has been taken 23 times
  • The average score is 23 of 37
Answer Stats
Chapter Title % Correct
16 Godric's Hollow
86%
4 The Seven Potters
86%
8 The Wedding
86%
26 Gringotts
79%
33 The Prince's tale
79%
35 King's Cross
71%
23 Malfoy Manor
71%
25 Shell Cottage
71%
31 The Battle of Hogwarts
71%
1 The Dark Lord Ascending
71%
22 The Deathly Hallows
71%
5 Fallen Warrior
64%
10 Kreacher's Tale
64%
36 The Flaw in the Plan
64%
19 The Silver Doe
64%
21 The Tale of the Three Brothers
64%
20 Xenophilius Lovegood
64%
9 A Place to Hide
57%
17 Bathilda's Secret
57%
2 In Memoriam
57%
12 Magic is Might
57%
Epilogue Nineteen Years Later
57%
3 The Dursleys Departing
57%
32 The Elder Wand
57%
27 The Final Hiding Place
57%
34 The Forest Again
57%
18 The Life and Lies of Albus Dumbledore
57%
29 The Lost Diadem
57%
24 The Wandmaker
57%
7 The Will of Albus Dumbledore
57%
13 The Muggle-Born Registration Commission
50%
14 The Thief
50%
11 The Bribe
43%
15 The Goblin's Revenge
43%
28 The Missing Mirror
43%
30 The Sacking of Severus Snape
36%
6 The Ghoul in Pyjamas
29%
No matching quizzes found
Score Distribution
Percent of People with Each Score
Percentile by Number Answered
Your Score History
You have not taken this quiz